000 00893nam a2200301Ia 4500
001 B3419
003 IT-RoPAU
008 130308s9999 xx 000 0 und d
040 _aIT-RoPAU
040 _cIT-RoPAU
041 _aINGLESE
100 _aMcauley Gay
100 _gCodice Aut. SPICS: 32139
245 _aMovement Within the Scenic Space and Segmentation of the Performance Continuum
245 _bApproches de L'Opera-Approaches Of The Opera
250 _a1a ed.
260 _aPARIS
260 _bDidier Erudition
260 _c1986 [1° Ed.:1986 - Ed.Ling.Originale:1986]
300 _a"15 p. (prefazione: no ; testo: 15 [pagine: 105-119])"
500 _aMovimento con Lo Spazio Scenico e segmentazione della Rappresentazione.
650 _aGENERI MUSICALI
650 _eCodice materia Spics: 7010
942 _cBK
957 _71
999 _c59422
_d59422
999 _bSI
999 _g1